Historical Records of Ramses III : The texts in Medinet Habu volumes I and II /

Saved in:

Main Author: Edgerton, William F., 1893-1970 (Author)

Other Authors: Wilson, John Albert, 1899-1976.

Format: Book

Language: English

Published: Chicago, Ill. : The University of Chicago Press, [c1936].

Series: Studies in Ancient Oriental Civilization ; 12.
SAOC ; 12.

Subjects:

Tags: Add Tag

No Tags, Be the first to tag this record!

Call Number: DS57 .C5 v.12

LEADER 01118namaa2200301 4500
001 12531
003 OSt
005 20260312061257.0
008 130303s1936 ilu b 000 0 eng d
040 |c ARCE Library 
043 |a f-ua--- 
050 4 |a DS57 .C5 v.12 
100 1 |a Edgerton, William F.,   |q (William Franklin),‪   |d 1893-1970,   |e author  |9 29401 
245 1 0 |a Historical Records of Ramses III :  |b The texts in Medinet Habu volumes I and II /  |c translated with explanatory notes, by William F. Edgerton and John A. Wilson. 
264 1 |a Chicago, Ill. :  |b The University of Chicago Press,  |c [c1936]. 
300 |a xv, 157 pages ;  |c 30 cm. 
490 1 |a Studies in Ancient Oriental Civilization ;   |v 12. 
490 1 |a SAOC ;   |v 12. 
504 |a "Publications and documents": p. xi-xv. 
600 0 0 |a Ramses‏   |b III,‏   |c King of Egypt. 
650 0 |a Inscriptions, Egyptian. 
651 0 |a Medinet Habu Site (Egypt) 
700 1 |a Wilson, John Albert,   |d 1899-1976. 
830 0 |a Studies in Ancient Oriental Civilization ;   |v 12. 
830 0 |a SAOC ;   |v 12. 
901 |a reviewed 
942 |c BK  |2 lcc 
999 |c 12760  |d 12760